A righteousness of God for unrighteous men: (Record no. 5682)

000 -LEADER
fixed length control field 00648nam a2200181 a 4500
001 - CONTROL NUMBER
control field :::00003424$&:&@@
003 - CONTROL NUMBER IDENTIFIER
control field OkBaRHE
005 - DATE AND TIME OF LATEST TRANSACTION
control field 20010301095333.0
008 - FIXED-LENGTH DATA ELEMENTS--GENERAL INFORMATION
fixed length control field s1926 j 000 0 eng u
040 ## - CATALOGING SOURCE
Transcribing agency
100 1# - MAIN ENTRY--PERSONAL NAME
Personal name Forrester, E. J.
245 12 - TITLE STATEMENT
Title A righteousness of God for unrighteous men:
Remainder of title being an exposition of the Epistle to the Romans.
260 ## - PUBLICATION, DISTRIBUTION, ETC. (IMPRINT)
Place of publication, distribution, etc New York, NY.,
Name of publisher, distributor, etc George H. Doran Company
Date of publication, distribution, etc c1926
300 ## - PHYSICAL DESCRIPTION
Extent 296 p. ;
Dimensions 20 cm.
650 ## - SUBJECT ADDED ENTRY--TOPICAL TERM
Topical term or geographic name as entry element Bible New Testament Romans
General subdivision Criticism, Interpretation, etc.
942 ## - ADDED ENTRY ELEMENTS (KOHA)
Source of classification or shelving scheme
Koha item type Books
Copies
Date last seen Source of classification or shelving scheme Lost status Date acquired Withdrawn status Permanent Location Full call number Price effective from Copy number Not for loan Barcode Shelving location Damaged status Koha item type
2018-03-28  2010-04-14 RHEMA Bible Training CollegeBS 2665 .F5872010-04-141 3424General Stacks Books